【サドンデス】仮面ライダー登場人物死亡or生存 - Statistics

General Stats
  • This quiz has been taken 35 times
  • The average score is 4 of 13
Answers on the Grid
Answers color-coded by a green-red scale on the quiz's grid according to % correct below.
五代雄介
氷川誠
木野薫
城戸真司
三原修二
園田真理
橘朔也
ヒビキ
神代剣
桜井侑斗
紅渡
海東大樹
フィリップ
照井竜
火野映司
朔田流星
コヨミ
呉島貴虎
シド
泊進ノ介
深海マコト
宝生永夢
パラド
鷹山仁
桐生戦兎
刃唯阿
新堂倫太郎
上條大地
浮世英寿
九堂りんね
 
Answer Stats
Answer % Correct
フィリップ
69%
城戸真司
58%
火野映司
54%
パラド
50%
神代剣
46%
泊進ノ介
35%
シド
27%
浮世英寿
27%
木野薫
23%
コヨミ
19%
園田真理
15%
上條大地
15%
鷹山仁
8%
No matching quizzes found
Score Distribution
Percent of People with Each Score
Percentile by Number Answered
Your Score History
You have not taken this quiz